Singapore, a decade of independence
Wedi'i Gadw mewn:
| Prif Awdur: | |
|---|---|
| Fformat: | Llyfr |
| Iaith: | Undetermined |
| Cyhoeddwyd: |
Singapore
Alumni International Singapore
1975
|
| Pynciau: | |
| Tagiau: |
Ychwanegu Tag
Dim Tagiau, Byddwch y cyntaf i dagio'r cofnod hwn!
|
| Thư viện lưu trữ: | Trung tâm Học liệu Trường Đại học Cần Thơ |
|---|
| LEADER | 00557nam a2200193Ia 4500 | ||
|---|---|---|---|
| 001 | CTU_91563 | ||
| 008 | 210402s9999 xx 000 0 und d | ||
| 082 | |a 959.5 | ||
| 082 | |b N576 | ||
| 100 | |a Ng, Charles | ||
| 245 | 0 | |a Singapore, a decade of independence | |
| 245 | 0 | |c Charles Ng, T. P. B. Menon | |
| 260 | |a Singapore | ||
| 260 | |b Alumni International Singapore | ||
| 260 | |c 1975 | ||
| 650 | |a Singapore | ||
| 650 | |x Social conditions,Addresses, essays, lectures | ||
| 904 | |i Nguyên | ||
| 980 | |a Trung tâm Học liệu Trường Đại học Cần Thơ | ||